<?xml version="1.0" encoding="UTF-8"?>
<record
    xmlns:xsi="http://www.w3.org/2001/XMLSchema-instance"
    xsi:schemaLocation="http://www.loc.gov/MARC21/slim http://www.loc.gov/standards/marcxml/schema/MARC21slim.xsd"
    xmlns="http://www.loc.gov/MARC21/slim">

  <leader>02351cam a22003135a 4500</leader>
  <datafield tag="999" ind1=" " ind2=" ">
    <subfield code="c">23404</subfield>
    <subfield code="d">23376</subfield>
  </datafield>
  <controlfield tag="001">ssj0001216538</controlfield>
  <controlfield tag="003">EG-ScBUE</controlfield>
  <controlfield tag="005">20190326111413.0</controlfield>
  <controlfield tag="008">140125s2014    nyua   frb    001 0 eng d</controlfield>
  <datafield tag="020" ind1=" " ind2=" ">
    <subfield code="a">9781606496749</subfield>
  </datafield>
  <datafield tag="040" ind1=" " ind2=" ">
    <subfield code="a">CaBNVSL</subfield>
    <subfield code="b">eng</subfield>
    <subfield code="c">CaBNVSL</subfield>
    <subfield code="d">CaBNVSL</subfield>
    <subfield code="d">WaSeSS</subfield>
    <subfield code="d">EG-ScBUE</subfield>
    <subfield code="d">EG-ScBUE</subfield>
  </datafield>
  <datafield tag="082" ind1="0" ind2="4">
    <subfield code="a">261.85</subfield>
    <subfield code="b">HUS</subfield>
    <subfield code="2">22</subfield>
  </datafield>
  <datafield tag="100" ind1="1" ind2=" ">
    <subfield code="a">Husein, UmmeSalma Mujtaba.</subfield>
  </datafield>
  <datafield tag="245" ind1="1" ind2="0">
    <subfield code="a">Management in Islamic countries :</subfield>
    <subfield code="b">principles and practice /</subfield>
    <subfield code="c">UmmeSalma Mujtaba Husein.</subfield>
  </datafield>
  <datafield tag="250" ind1=" " ind2=" ">
    <subfield code="a">1st ed.</subfield>
  </datafield>
  <datafield tag="260" ind1=" " ind2=" ">
    <subfield code="a">New York :</subfield>
    <subfield code="b">Business Expert Press,</subfield>
    <subfield code="c">2014.</subfield>
  </datafield>
  <datafield tag="300" ind1=" " ind2=" ">
    <subfield code="a">xvii, 110 p. :</subfield>
    <subfield code="b">ill. ;</subfield>
    <subfield code="c">24 cm.</subfield>
  </datafield>
  <datafield tag="490" ind1="0" ind2=" ">
    <subfield code="a">International business collection ;</subfield>
    <subfield code="x">19482752</subfield>
  </datafield>
  <datafield tag="500" ind1=" " ind2=" ">
    <subfield code="a">Index : p. [109]-110.</subfield>
  </datafield>
  <datafield tag="504" ind1=" " ind2=" ">
    <subfield code="a">Bibliography : p. 105-108.</subfield>
  </datafield>
  <datafield tag="505" ind1="0" ind2=" ">
    <subfield code="a">1. Why the need of Islamic management principles -- 2. Business ethics, the Islamic perspective -- 3. Marketing in Islam -- 4. Human resource management in Islam -- 5. The Islamic perspective on leadership -- Appendix -- Notes -- References -- Index.</subfield>
  </datafield>
  <datafield tag="520" ind1="3" ind2=" ">
    <subfield code="a">Islamic management is the interpretation of management practices as explicated in Islamic practices. The recent growth and interest in Islamic finance has led to researchers contemplating whether Islam offers an explanation with reference to various other areas in management studies. This book offers the Islamic perspectives on business ethics, marketing, leadership, and human resource management and explains to readers the tangible need of reading Islamic management. In order to deliberate on any of the aforementioned topics the holy book, holy prophet, and other reliable scriptures are taken into account. This gives the reader a clear picture of how a given thought is originating and at the same time makes the book an authentic read. For teachers, the book offers an easy explanatory text with models, exercises and examples, discussion questions, and study questions. For researchers references for extra readings are included. A geocentric manager can benefit from the text alike whilst reading with the aim of understanding management practices from an Islamic perspective.</subfield>
  </datafield>
  <datafield tag="650" ind1=" " ind2="7">
    <subfield code="a">Management</subfield>
    <subfield code="x">Religious aspects</subfield>
    <subfield code="x">Islam.</subfield>
    <subfield code="2">BUEsh</subfield>
  </datafield>
  <datafield tag="650" ind1=" " ind2="7">
    <subfield code="a">Business</subfield>
    <subfield code="x">Religious aspects</subfield>
    <subfield code="x">Islam.</subfield>
    <subfield code="2">BUEsh</subfield>
  </datafield>
  <datafield tag="651" ind1=" " ind2=" ">
    <subfield code="2">BUEsh</subfield>
  </datafield>
  <datafield tag="653" ind1=" " ind2=" ">
    <subfield code="b">BUSADM</subfield>
    <subfield code="c">November2016</subfield>
    <subfield code="c">March2019</subfield>
  </datafield>
  <datafield tag="655" ind1=" " ind2=" ">
    <subfield code="v">Reading book</subfield>
  </datafield>
  <datafield tag="942" ind1=" " ind2=" ">
    <subfield code="2">ddc</subfield>
  </datafield>
  <datafield tag="952" ind1=" " ind2=" ">
    <subfield code="0">0</subfield>
    <subfield code="1">0</subfield>
    <subfield code="2">ddc</subfield>
    <subfield code="4">0</subfield>
    <subfield code="7">0</subfield>
    <subfield code="8">Baccah</subfield>
    <subfield code="a">MAIN</subfield>
    <subfield code="b">MAIN</subfield>
    <subfield code="c">LOW</subfield>
    <subfield code="d">2016-11-30</subfield>
    <subfield code="e">Purchase</subfield>
    <subfield code="g">352.00</subfield>
    <subfield code="h">3648</subfield>
    <subfield code="l">0</subfield>
    <subfield code="o">261.85 HUS</subfield>
    <subfield code="p">000040166</subfield>
    <subfield code="r">2025-07-15 00:00:00</subfield>
    <subfield code="v">440.00</subfield>
    <subfield code="y">BB</subfield>
  </datafield>
  <datafield tag="952" ind1=" " ind2=" ">
    <subfield code="0">0</subfield>
    <subfield code="1">0</subfield>
    <subfield code="2">ddc</subfield>
    <subfield code="4">0</subfield>
    <subfield code="7">0</subfield>
    <subfield code="8">Baccah</subfield>
    <subfield code="a">MAIN</subfield>
    <subfield code="b">MAIN</subfield>
    <subfield code="c">LOW</subfield>
    <subfield code="d">2019-03-26</subfield>
    <subfield code="e">Purchase</subfield>
    <subfield code="g">750.00</subfield>
    <subfield code="l">2</subfield>
    <subfield code="m">14</subfield>
    <subfield code="o">261.85 HUS</subfield>
    <subfield code="p">000044483</subfield>
    <subfield code="r">2025-07-15 00:00:00</subfield>
    <subfield code="s">2019-12-01</subfield>
    <subfield code="v">937.50</subfield>
    <subfield code="y">BB</subfield>
  </datafield>
</record>
